书目信息 |
| 题名: |
汉语方言的共时分类与历史层次
|
|
| 作者: | 李小凡 著 | |
| 分册: | ||
| 出版信息: | 北京 北京大学出版社 2024.09 |
|
| 页数: | 200页 | |
| 开本: | 20cm | |
| 丛书名: | ||
| 单 册: | ||
| 中图分类: | H17 | |
| 科图分类: | ||
| 主题词: | 汉语方言 | |
| 电子资源: | ||
| ISBN: | 7-301-33186-X | |
| 000 | 00600nam0 2200193 450 | |
| 001 | 2457450275 | |
| 005 | 20241211160121.20 | |
| 010 | @a7-301-33186-X@dCNY58.00 | |
| 100 | @a20241211d2024 km y0chiy0120 ea | |
| 101 | 0 | @achi |
| 102 | @aCN@b110000 | |
| 200 | 1 | @a汉语方言的共时分类与历史层次@AHan Yu Fang Yan De Gong Shi Fen Lei Yu Li Shi Ceng Ci@f李小凡著@FLi Xiao Fan Zhu |
| 210 | @a北京@c北京大学出版社@d2024.09 | |
| 215 | @a200页@d20cm | |
| 606 | 0 | @a汉语方言 |
| 690 | @aH17@v4 | |
| 701 | 0 | @a李小凡@ALi Xiao Fan@4著 |
| 801 | 0 | @aCN@b大连网信软件有限公司图书馆·11@c20241211 |
| 905 | @aZUCC@dH17@e132 | |
| 汉语方言的共时分类与历史层次/李小凡著.-北京:北京大学出版社,2024.09 |
| 200页;20cm |
| ISBN 7-301-33186-X:CNY58.00 |
| ● |
| 相关链接 |
|
|
|
|
正题名:汉语方言的共时分类与历史层次
索取号:H17/132
 
预约/预借
| 序号 | 登录号 | 条形码 | 馆藏地/架位号 | 状态 | 备注 |
| 1 | 1439727 | 214397277 | 第二样本阅览室/ [索取号:H17/132] |
已借出,限还日期为2034.12.11 借出人:刘巍 |